000 00695nam a2200289Ia 4500
005 20260324124029.0
008 008 260324s9999 xx 000 0 eng d
020 _a9781315551333
037 _aEBOOK
040 _aCRL
040 _beng
040 _cCRL
041 _2eng
041 _aeng
084 _qCRL
100 _aEric Stoddart
_91172583
245 0 _aTheological Perspectives on a Surveillance Society
245 0 _bWatching and Being Watched
260 _bTaylor and Francis
260 _c2011
365 _a
365 _b240
856 _uhttp://www.taylorfrancis.com/books/9781315551333
942 _cEBOOK
999 _c1766613
_d1766613